[Event "Prague Sachinfo"]
[Site "Prague"]
[Date "1999.06.05"]
[Round "5"]
[White "Movsesian, Sergei"]
[Black "Ftacnik, Lubomir"]
[Result "1/2-1/2"]
[WhiteElo "2650"]
[BlackElo "2585"]
[Annotator "Ftacnik,L"]
[PlyCount "93"]
[EventDate "1999.05.??"]
[EventType "tourn"]
[EventRounds "6"]
[EventCountry "CZE"]
[EventCategory "15"]
[SourceTitle "CBM 072"]
[Source "ChessBase"]
[SourceDate "1999.10.01"]
[SourceVersion "1"]
[SourceVersionDate "1999.10.01"]
[SourceQuality "1"]

1. e4 d6 2. d4 Nf6 3. Nc3 e5 4. Nf3 Nbd7 5. Bc4 Be7 6. O-O O-O 7. Re1 c6 8. a4
b6 9. Ba2 Bb7 10. Qe2 (10. Nh4 $5 Re8 11. Nf5 Bf8 12. dxe5 Nxe5 13. Bg5 h6 14.
Bh4 g6 15. Ne3 Be7 16. Bxf6 Bxf6 17. f4 Nd7 18. Qxd6 {1-0 Spasov,V-Bricard,E/
Sofia/1990/ (18)}) 10... a6 11. dxe5 Nxe5 (11... dxe5 12. Nh4 Nxe4 13. Nxe4
Bxh4 14. Rd1 (14. Nd6 Be7 15. Nxb7 Qc7 16. Na5 bxa5 17. Bc4 $11) 14... Bc8 15.
Qh5 $44) 12. Bf4 (12. Nh4 Nxe4 13. Nxe4 Bxh4 14. Bf4 c5 15. Rad1 (15. Nxd6 Qxd6
16. Bxe5 Qg6 17. Bg3 Qc6 18. Qf1 Bxg3 19. hxg3 Rae8 $15) 15... Bxe4 16. Qxe4
$11) 12... Qc7 13. Rad1 b5 14. h3 Rad8 15. Bh2 (15. b4 bxa4 16. Nxa4 a5 17.
bxa5 Qxa5 18. Bb3 $11) 15... Nxf3+ (15... Rfe8 $5 16. Bxe5 (16. axb5 axb5 17.
Ng5 Nfd7 (17... h6 18. Bxe5 hxg5 19. Bg3 $14) 18. Bxf7+ (18. Qh5 Bxg5 19. Qxg5
b4 20. Ne2 Qa5 $19) 18... Nxf7 19. Ne6 Qb6 20. Nxd8 Rxd8 $15) 16... dxe5 17.
Ng5 Rf8 18. Rxd8 Bxd8 19. Rd1 Be7 $11) 16. Qxf3 Nd7 17. axb5 axb5 18. Kh1 {
White is satisfied with a small pull, both his bishops are active on long
diagonals.} (18. Qf5 Ne5 19. Bb3 Bf6 $11) 18... Bc8 19. Qe3 Rfe8 20. Ne2 (20.
Qf3 Nf6 (20... Rf8) 21. e5 (21. Ra1 $5) 21... dxe5 22. Rxe5 Rxd1+ 23. Nxd1 Qa7
24. Bb3 c5 $11) 20... Nf6 (20... Ne5 $5 21. Nd4 Bf6 $13) 21. Nd4 Bf8 22. Qf3 (
22. e5 $2 dxe5 23. Bxe5 Rxe5 24. Qxe5 Qxe5 25. Rxe5 c5 $15) 22... Qb6 23. c3 (
23. Nf5 Bxf5 24. Qxf5 d5 $5 25. e5 Qa7 $1 (25... Ne4 $2 26. Rxe4) 26. exf6 Qxa2
$11) (23. e5 $2 dxe5 24. Nxc6 (24. Bxe5 $2 Rxe5 25. Rxe5 Rxd4 $19) 24... Rxd1
25. Rxd1 e4 $1 (25... Bb7 $6 26. Bxf7+ Kxf7 27. Qb3+ Kg6 28. Qg3+ Kh5 29. Nxe5
$13) 26. Qc3 b4 27. Bxf7+ Kxf7 28. Ne5+ Kg8 $19) 23... c5 24. Nf5 Bxf5 25. Qxf5
(25. exf5 Rxe1+ 26. Rxe1 d5 $11) 25... c4 26. Bb1 (26. e5 dxe5 27. Rxd8 Qxd8
28. Bxe5 Qd2 $15) 26... Re6 (26... d5 27. e5 Ne4 28. Bg1 (28. Bxe4 dxe4 29.
Rxd8 Rxd8 30. Rxe4 Rd2 $13) 28... g6 29. Qf4 Nc5 30. f3 $14) 27. Rd4 $6 (27.
Bc2 d5 28. exd5 Rxd5 29. Rxe6 Rxd1+ 30. Bxd1 Qxe6 31. Qxe6 fxe6 32. Bf3 Nd5 $11
) (27. Re3 g6 28. Qf3 Bh6 29. Re2 Rde8 30. Rde1 Qc5 $11) 27... d5 28. e5 (28.
Be5 Nxe4 29. Bxe4 dxe4 30. Rexe4 g6 $11) 28... Bc5 29. Rh4 $5 {[%mdl 64]
Movsesian was unhappy with the improvement of black's position and he tries to
disturb balance with a risky manouvre.} (29. Rd2 Ne4 30. Bxe4 dxe4 31. Rxd8+
Qxd8 32. Rxe4 Qd1+ 33. Bg1 Qb1 34. Rf4 (34. Kh2 g6 35. Qf3 Qxb2 $15) 34... Qxf5
35. Rxf5 g6 36. Rf6 Rxe5 $15) 29... g6 (29... Bxf2 30. Bg1 Bxg1 31. exf6 g6 32.
Rxe6 gxf5 33. Rxb6 Bxb6 34. Bxf5 Rd6 35. Bxh7+ Kf8 36. Rh6 Be3 37. Rh5 Bc1 $13)
30. Qf4 (30. Qg5 Bxf2 (30... Be7 $5) 31. Bg1 Rde8 $19 (31... Bxh4 32. Bxb6 Bxg5
33. Bxd8 Re8 34. Bc7 Bf4 $19)) 30... Be7 $2 (30... Bxf2 $1 31. Bg1 Bxg1 32.
Rxg1 Nh5 (32... Nd7 33. Rf1 f5 34. g4 $14) 33. Rxh5 (33. Qh6 Rxe5 34. g4 Qf2 $1
$19) 33... gxh5 34. Qg5+ Kh8 (34... Rg6 $6 35. Bxg6 hxg6 36. e6 $13) 35. Qxh5
Rh6 36. Qxf7 Qe3 37. Qf5 Re8 $17) 31. Bg1 (31. Rh6 d4 $15 (31... Kh8 32. Bf5 $1
Ng8 33. Bxe6 Qxe6 $11)) 31... Nd7 (31... Nh5 32. Rxh5 gxh5 33. Bf5 $13) 32. Rg4
$2 (32. f3 $1 Qc6 (32... Qb8 33. Rxh7 $16) 33. Rxh7 Kxh7 34. Qxf7+ Kh8 35. Bxg6
Rxg6 (35... Nf8 36. Bf5 Ra8 37. f4 $18) 36. Qxe7 Qc8 37. Bd4 Rf8 38. Qh4+ Kg7
39. e6+ Nf6 40. g4 $16) 32... Qb8 33. Bh2 Bd6 (33... Bf6 $1 34. Qd2 (34. Bf5
Rxe5 35. Rd1 Qb6 $17) (34. Qh6 Nxe5 $17) 34... Nxe5 (34... Bxe5 35. f4 Bd6 36.
Rxe6 fxe6 37. Qe3 $15) 35. Rg3 $15) 34. Qh6 $1 Bf8 (34... Bxe5 35. Bf5 $1 Ree8
36. Bxg6 $1 (36. Bxd7 Rxd7 37. Rh4 f6 $17) 36... fxg6 37. Rxg6+ hxg6 38. Qxg6+
Kf8 39. Qf5+ Kg7 40. Qg5+ Kf7 41. Qh5+ Ke6 42. f4 $13) 35. Qh4 Bg7 36. f4 Ree8
$6 (36... f5 $1 37. Rg3 Nc5 $11) 37. f5 $1 (37. e6 $5 fxe6 (37... Nf6 38. exf7+
Kxf7 39. f5 Rxe1+ 40. Qxe1 Qb6 41. fxg6+ $16) 38. f5 e5 $1 (38... Qb6 39. fxg6
h6 40. Bf4 Nf6 41. Bxh6 Nxg4 42. Bxg7 Kxg7 43. Qh7+ Kf6 44. Qf7+ Kg5 45. g7
Nf2+ 46. Kh2 Qd6+ 47. g3 Nd3 48. Bxd3 cxd3 49. Rf1 $16) 39. fxg6 h6 $13) 37...
Nxe5 38. fxg6 (38. f6 $2 Bxf6 39. Qxf6 Nxg4 40. Rxe8+ Rxe8 41. hxg4 Re1+ 42.
Bg1 Qa7 43. Qd4 Qxd4 44. cxd4 Rxb1 $19) 38... hxg6 39. Bxe5 $6 $138 {White
have missed the saving move of black king. With the different move order his
attack would be more punchy.} (39. Bxg6 $1 Nxg6 (39... fxg6 40. Bxe5 Bxe5 41.
Rxg6+ Bg7 42. Re7 $18) 40. Rxg6 Rxe1+ 41. Qxe1 Re8 42. Qd2 Qa8 43. Rg5 $16)
39... Rxe5 (39... Bxe5 $2 40. Bxg6 Bg7 41. Qh7+ Kf8 42. Rf1 $18) 40. Rxe5 Bxe5
41. Bxg6 Kf8 $8 (41... fxg6 42. Rxg6+ Kf8 (42... Bg7 43. Qe7 $18) 43. Qh7 $18)
42. Bh7 (42. Qh7 $2 Qa7 43. Rg5 Bf6 $15) (42. Bxf7 $2 Kxf7 43. Qh7+ Ke6 $17) (
42. Bb1 Qd6 $11) 42... f6 (42... Bg7 43. Qg5 Be5 44. Qh6+ Ke7 45. Qe3 Re8 $11)
43. Bf5 Ke7 44. Rg7+ Kd6 45. Qh7 Kc6 46. Ra7 (46. Re7 Kb6 (46... Qb6 47. Re6+
Bd6 48. Qh4 $14) 47. Re6+ Rd6 48. Qd7 Rxe6 49. Qxe6+ Qd6 $11) 46... Bc7 47. Ra1
(47. Ra6+ Bb6 48. Qe7 Qd6 $11) (47. Ra1 Qb6 48. Qe7 Kb7 49. b3 Qd6 50. Qxd6
Rxd6 $11) 1/2-1/2

[Event "Bundesliga 0405"]
[Site "Germany"]
[Date "2004.12.12"]
[Round "6.1"]
[White "Anand, Viswanathan"]
[Black "Nisipeanu, Liviu Dieter"]
[Result "1-0"]
[WhiteElo "2781"]
[BlackElo "2687"]
[Annotator "Ftacnik,L"]
[PlyCount "53"]
[EventDate "2004.11.12"]
[EventType "team-tourn"]
[EventRounds "15"]
[EventCountry "GER"]
[SourceTitle "CBM 106"]
[Source "ChessBase"]
[SourceDate "2005.06.06"]
[SourceVersion "1"]
[SourceVersionDate "2005.06.06"]
[SourceQuality "1"]
[WhiteTeam "Baden Oos"]
[BlackTeam "Kreuzberg"]
[WhiteTeamCountry "GER"]
[BlackTeamCountry "GER"]

1. e4 e5 2. Nf3 d6 3. d4 exd4 4. Nxd4 Nf6 5. f3 Be7 6. c4 O-O 7. Nc3 c6 8. Be3
Re8 (8... d5 9. cxd5 cxd5 10. e5 Nfd7 11. f4 Bb4 (11... Nb6 12. Be2 Nc6 13. O-O
f6 14. exf6 Bxf6 15. Qd2 Nc4 16. Bxc4 dxc4 17. Rad1 Nxd4 18. Bxd4 Bg4 19. Bxf6
Qxf6 20. Qd5+ Kh8 21. Rb1 Bf5 22. Rbe1 Qb6+ 23. Rf2 Rad8 24. Qxc4 Rd2 25. Ree2
Bd3 26. Qf7 Qc5 27. Qxf8+ Qxf8 28. Rxd2 {1-0 Kobese,W-Nsubuga,G/New York 2001/
(51)}) 12. Be2 Qh4+ 13. g3 Qh3 14. Bf1 Qh6 15. Qf3 Nc6 16. Bd3 Nc5 17. Bc2 Nxd4
18. Bxd4 Ne6 19. O-O-O Nxd4 20. Rxd4 Bxc3 21. Qxc3 Bh3 22. Qd2 {1-0 Huch,
R-Hainzinger,J/Austria 2000/ (75)}) 9. Qd2 d5 $5 {Nisipeanu comes with an
honest ambition to prove, that white has used too much time in the opening for
the set up with pawn control of the center.} (9... Bf8 10. O-O-O a6 11. g4 b5
12. g5 Nh5 13. Nce2 bxc4 14. Ng3 Nxg3 15. hxg3 d5 16. Bxc4 dxc4 17. Rxh7 Bd6
18. Qh2 Kf8 19. Rxg7 Kxg7 20. Nf5+ Bxf5 21. Bd4+ Kf8 22. Bf6 {1-0 Yevseev,
D-Hasangatin,R/Koszalin 1999/ (22)}) 10. cxd5 cxd5 11. Bb5 Bd7 (11... Nbd7 12.
e5 Nxe5 13. Bxe8 Qxe8 14. O-O $16) 12. e5 $1 {Anand choses a right moment for
the advance of his pawn, the square d7 is already occupied by black bishop.}
Bxb5 (12... Nh5 13. g4 Bh4+ 14. Kf1 $16) (12... Bc5 13. exf6 Bxd4 14. Qxd4 Bxb5
15. Nxd5 (15. Nxb5 Nc6 16. Qc3 Qb6 17. Kf2 Qxb5 $11) 15... Nc6 16. Qg4 g6 17.
Rd1 $16) 13. Ndxb5 a6 14. Nd4 (14. exf6 Bxf6 15. O-O (15. Nd4 Bxd4 16. Qxd4 Nc6
$17) 15... axb5 16. Nxd5 Nc6 $11) 14... Nfd7 15. f4 Nb6 16. b3 (16. Nf5 Bb4 17.
Qf2 Nc4 18. Qg3 g6 $13) 16... N8d7 17. O-O Rc8 18. Nf5 (18. a3 Nc5 19. Rac1 $14
) 18... Bb4 19. Bd4 Nc5 20. Qe3 Rc6 (20... Bxc3 21. Qxc3 Ne4 22. Qh3 Re6 23.
Rac1 $16) 21. Rac1 Qc8 $2 {[%mdl 128] Tragical mistake, that is provoking a
sharp white attack on the kingside. All black pieces are concentrated on the
queenside, but black did not manage to get counterplay.} (21... Ne6 22. Bxb6
Rxb6 23. Nxd5 Qxd5 24. Qxb6 Bc5+ 25. Rxc5 Nxc5 26. Qd6 $18) (21... Nc8 $1 22.
Ne2 Ne6 23. Qd3 $14) 22. Nxg7 $1 Kxg7 (22... Rd8 23. Nh5 $18) 23. f5 h6 (23...
Bxc3 24. Rxc3 Ne4 25. Rxc6 Qxc6 26. Rc1 Qh6 27. e6+ Nf6 28. Rc7 Qxe3+ 29. Bxe3
$18) 24. e6+ Kh7 (24... f6 25. Qg3+ Kf8 26. Qg6 $18) 25. Qe5 Rg8 26. exf7 Rg5
27. Qe7 {Anand concluded the attack with a great elegance, Nisipeanu is
helpless.} (27. Qe7 Rc7 28. f8=Q+ Rxe7 29. Qxe7+ Kg8 30. f6 $18) 1-0

[Event "EU-ch 6th"]
[Site "Warsaw"]
[Date "2005.06.22"]
[Round "5"]
[White "Movsesian, Sergei"]
[Black "Gagunashvili, Merab"]
[Result "1-0"]
[WhiteElo "2628"]
[BlackElo "2547"]
[Annotator "Ftacnik,L"]
[PlyCount "87"]
[EventDate "2005.06.18"]
[EventType "swiss"]
[EventRounds "13"]
[EventCountry "POL"]
[SourceTitle "CBM 108"]
[Source "ChessBase"]
[SourceDate "2005.09.26"]
[SourceVersion "1"]
[SourceVersionDate "2005.09.26"]
[SourceQuality "1"]

1. e4 d6 2. d4 Nf6 3. Nc3 e5 4. Nf3 Nbd7 5. Bc4 Be7 6. O-O O-O 7. Re1 c6 8. a4
b6 9. Bg5 Ng4 10. Bd2 Ngf6 11. h3 Bb7 12. Bg5 Qc7 13. dxe5 Nxe5 {Movsesian
often tries his luck in this type of positions, where he can gradually improve
the location of his pieces and cummulate small advantages.} 14. Ba2 (14. Nxe5
dxe5 15. Qf3 Rad8 16. Rad1 Rxd1 17. Rxd1 Rd8 {Boensch,U-Stangl,M/Bad Homburg/
1996/ 0,5 (15)}) (14. Be2 Rad8 15. Qc1 Rfe8 16. Bf4 Ng6 17. Bh2 Bf8 18. Bc4 Ne5
19. Be2 a6 20. Nd2 b5 21. axb5 axb5 22. f4 Ng6 23. Bd3 b4 24. Na4 c5 25. c3 c4
26. cxb4 d5 {0-1 Poulsen,M-Moser,E/Mallorca 2004/ (52)}) 14... Nxf3+ $6 {
Gagunashvili is swapping the centralized knight without na obvious reason.
White's task of improving the position will become a bit easier.} (14... Rad8
15. Nd4 Bc8 16. Qd2 Rfe8 $13) 15. Qxf3 Rad8 16. Rad1 a6 17. Bf4 Nd7 (17... Bc8
18. Ne2 Qb7 19. Be3 $14) 18. Ne2 Ne5 19. Qe3 Rfe8 (19... Bf6 20. Ng3 g6 (20...
Bc8 21. Nh5 Bh4 22. Bh6 $1 $18) 21. Bg5 Bxg5 22. Qxg5 Bc8 23. f4 Nd7 24. Re3
$16) 20. Bh2 Bf8 21. Nd4 {Movsesian patiently keeps up the moderate advantage
and enough tension between armies, that so far lack direct contact.} b5 (21...
Bc8 22. Qc3 Bd7 23. f4 Ng6 24. Qc4 $14) 22. axb5 axb5 23. Qc3 Qb6 (23... Qd7
24. Nf5 g6 25. Qg3 $14) 24. Nf5 Qc7 (24... g6 25. Nxd6 Bxd6 26. Rxd6 Rxd6 27.
Bxe5 $16) 25. Bf4 Kh8 (25... Ng6 $2 26. Bxd6 Rxd6 27. Rxd6 $18) 26. Qg3 $1 Bc8
27. Bg5 Rd7 (27... f6 $4 28. Bxf6 $18) (27... Bxf5 28. Bxd8 Qxd8 29. exf5 Qa5
30. f4 Nf3+ 31. gxf3 Rxe1+ 32. Qxe1 Qxa2 33. Ra1 Qxb2 34. Ra8 $18) 28. h4 Qa5 (
28... h6 $5 29. Bf4 Rdd8 30. Nd4 $14) 29. Bb3 Rb7 (29... Ra7 30. Bd2 Qc7 31. h5
Bxf5 32. exf5 Raa8 33. h6 $14) 30. Bd2 Qc7 31. h5 Be6 (31... d5 32. h6 Bxf5 (
32... g6 $2 33. Ng7 $1 $16) 33. exf5 Rbb8 $14) 32. h6 g6 33. f4 $1 {[%mdl 128]
The critical moment of the game, white has no reason to hesitate with the
beginning of the decisive clash of the forces. Gagunashvili's defences are not
coordinated very well and the pawn h6 represents a real threat.} Bxb3 (33...
gxf5 34. fxe5 Bxb3 (34... dxe5 35. Bg5 $18) 35. Bg5 Re6 36. exf5 Rxh6 37. Bxh6
Bxh6 38. exd6 Qb6+ 39. Kh2 $18) (33... Nc4 34. Bc3+ Kg8 35. Ng7 Bxg7 36. Bxg7
$16) 34. fxe5 (34. Ng7 Ra8 35. Qxb3 Nc4 36. Qc3 Qb6+ $13) 34... Bxc2 35. exd6
Qb6+ (35... Qd8 36. Qc3+ f6 37. Ne7 Bxe7 38. dxe7 Qxe7 39. Qxc2 $18) 36. Be3
Qd8 (36... c5 37. Rd5 f6 (37... gxf5 38. Bxc5 Qd8 39. d7 Bxc5+ 40. Rxc5 Rg8 41.
Rc8 Qb6+ 42. Re3 $18) 38. Bxc5 Qa5 39. Bd4 $18) 37. Bd4+ {It might have been
more exact to wait with this attacking idea, since the bishop might have been
useful also on the square g5.} (37. Rd2 gxf5 (37... Bxe4 38. Bg5 $1 f6 39. Ne7
Rbxe7 (39... Bxe7 40. Rxe4 Qb8 41. Qb3 $18) 40. Bxf6+ Kg8 41. Bxe7 Bxe7 42.
Rxe4 $18) 38. exf5 f6 (38... Be4 39. Bd4+ f6 40. Qg5 Rf7 41. d7 Qxd7 42. Bxf6+
Rxf6 43. Rxd7 $18) 39. Rxc2 Bxd6 40. Qf3 $16) 37... Kg8 (37... f6 $2 38. Ne7
Bxe7 39. dxe7 Qxe7 40. Qc3 $18) 38. Rd2 c5 $2 (38... Bxe4 $1 39. Rde2 Qd7 40.
Nh4 (40. Rxe4 Rxe4 41. Rxe4 Qxf5 42. Re8 f6 $13) 40... c5 (40... Bxd6 41. Qg5
Be7 42. Rxe4 f5 43. Nf3 fxe4 44. Qe5 $18) 41. Bxc5 Qc6 42. b4 Qd5 43. Qf4 f5
44. g4 $16) 39. Bg7 $1 {Estetically very pleasant move, the aggressor
underlines the success of the strategy leading to weakening of the dark
squares for the enemy. Merab's king will be come very vulnerable after the
disappearance of the dark bishops.} (39. Rxc2 cxd4 40. e5 d3 41. Rf2 $16) 39...
Bxe4 (39... Rxe4 40. Bxf8 Rxe1+ 41. Qxe1 Bxf5 42. Be7 Qe8 43. Qe5 f6 44. Qd5+
Qf7 45. Qxb7 $18) 40. Bxf8 Kxf8 (40... Bxf5 41. Be7 $18) 41. Qc3 f6 42. Ne7
Rbxe7 (42... Kf7 43. Rxe4 $18) 43. dxe7+ Qxe7 44. Rxe4 (44. Rxe4 Qxe4 45. Qxf6+
Kg8 46. Qg7#) 1-0

[Event "YUG-ch"]
[Site "Tivat"]
[Date "1994.??.??"]
[Round "4"]
[White "Matulovic, Milan"]
[Black "Lazic, Miroljub"]
[Result "1-0"]
[WhiteElo "2460"]
[BlackElo "2505"]
[Annotator "Ftacnik,L"]
[PlyCount "87"]
[EventDate "1994.03.??"]
[EventType "tourn"]
[EventRounds "13"]
[EventCountry "YUG"]
[EventCategory "10"]
[SourceTitle "CBM 043"]
[Source "ChessBase"]
[SourceDate "1994.12.01"]
[SourceVersion "1"]
[SourceVersionDate "1994.12.01"]
[SourceQuality "1"]

1. e4 d6 2. d4 Nf6 3. Nc3 c6 4. a4 Nbd7 5. Nf3 e5 6. Bc4 Be7 7. O-O O-O 8. Ba2
h6 $5 (8... a5) 9. Qe2 a5 10. Rd1 Qb6 (10... Qc7 $142) 11. h3 exd4 12. Nxd4 Nc5
13. Nb3 $1 Na6 (13... Nxb3 14. Bxb3 Nd7 15. Be3 Nc5 $14) 14. Be3 Qc7 15. Nd4
Nb4 16. Bb3 Re8 17. Qf3 Bd7 18. Qg3 Kf8 19. f3 Rad8 $2 (19... b6 20. Qf2 Rab8
$14) 20. Qf2 Bc8 21. Nf5 Bxf5 22. Bb6 Qc8 23. exf5 Qxf5 24. g4 $1 Qg5 25. f4
Qg6 26. f5 Qg5 27. Be3 $1 (27. Bxa5 d5 28. Bxd8 Rxd8 $13 {/\ h5}) 27... Nxg4
28. hxg4 (28. Bxg5 $6 Nxf2 29. Bxe7+ Rxe7 30. Kxf2 Re5 $10) 28... Qxg4+ 29. Qg2
Qxg2+ 30. Kxg2 d5 31. Bb6 Ra8 32. Bd4 Kg8 33. Kf3 $16 Bg5 34. Ne2 Re4 35. c3
Rae8 36. Ng3 Rf4+ 37. Kg2 Na6 38. Re1 Rc8 39. Re2 $18 Nb8 40. Rae1 Nd7 41. Re8+
Rxe8 42. Rxe8+ Kh7 43. Bc2 c5 (43... Nf6 44. Bxf6 Bxf6 45. Nh5 Rg4+ 46. Kf3)
44. Bxg7 $1 1-0

[Event "FIDE World Cup"]
[Site "Tromsoe"]
[Date "2013.08.12"]
[Round "1.2"]
[White "Kravtsiv, Martyn"]
[Black "Jobava, Baadur"]
[Result "1-0"]
[WhiteElo "2607"]
[BlackElo "2696"]
[Annotator "Ftacnik,L"]
[PlyCount "81"]
[EventDate "2013.08.11"]
[EventType "k.o."]
[EventRounds "7"]
[EventCountry "NOR"]
[SourceTitle "CBM 156"]
[Source "ChessBase"]
[SourceDate "2013.09.17"]
[SourceVersion "1"]
[SourceVersionDate "2013.09.17"]
[SourceQuality "1"]

1. e4 d6 2. d4 Nf6 3. Nc3 e5 4. Nf3 Nbd7 5. Bc4 Be7 6. O-O O-O 7. Re1 c6 8. a4
a5 9. h3 Re8 {Black is defending a somewhat passive, but very solid position.
White's pieces enjoy lots of freedom, so it may be difficult for the defender
to generate counterplay.} 10. Ba2 exd4 {The opening of the center is
definitely a risky strategy for Black and was introduced to the chess scene
only recently. Formerly players believed that Black had to regroup with the
more restrained move 10...Bf8.} (10... Bf8 11. Be3 (11. Ng5 Re7 12. dxe5 dxe5
13. f4 Qc7) 11... h6) 11. Nxd4 Nc5 12. Qf3 {The strategy with the timely e4-e5
advance has worked wonders in this game, but an even better version might have
arisen after 12.Bf4!?} (12. Bf4 $5 Qb6 13. e5 dxe5 14. Bxe5 Bd7 15. Qf3 Rad8
16. Qg3 Qb4 17. Re3 Bc8 18. Rae1 Kf8 19. Bxf6 gxf6 20. Qh4 $18 {1-0 (20)
Korchmar,V (2214)-Ianov,V (2332) Rodatychi 2011}) 12... Qb6 (12... Bf8 13. Bg5
Ne6 14. Nxe6 Bxe6 15. e5 Bxa2 16. exf6 Be6 17. fxg7 Be7 18. Bxe7 Qxe7 19. Ne4
f5 20. Ng3 $16 {1-0 (45) Ciocaltea,V (2470)-Moehring,G (2450) Halle 1974}) (
12... Be6 13. Nxe6 Nxe6 14. Be3 Qc7 15. Rad1 Bf8 16. h4 h5 17. Qf5 Qc8 18. e5
dxe5 19. Qxe5 Bb4 {1/2 (19) Michalczak,T (2325)-Groetz,H (2256) Olomouc 2011}
20. Qf5 $16) 13. Bf4 {Kravtsiv has managed to mobilise his pieces harmoniously
and the pawn advance e4-e5 is impending. Black sorely needs good advice, but
it is not easy to offer any.} (13. Bg5 Ne6 14. Nxe6 Bxe6 15. Bxe6 fxe6 16. e5
dxe5 17. b3 Rf8 18. Bxf6 Rxf6 19. Qg3 Rxf2 20. Kh1 {0-1 (32) Weinzettl,E (2279)
-Kleiser,G (2255) Vienna 2012} Rxc2 21. Qxe5 Qxb3 $19) 13... Ne6 (13... Nxa4 $2
14. Nxa4 (14. Nxc6 Nxc3 15. Nxe7+ Rxe7 16. bxc3 Be6 17. Bxd6 Qxd6 18. e5 Qc6
19. Qxc6 bxc6 20. exf6 gxf6 21. Bxe6 fxe6 $11 {0-1 (50) Leks,H (2169)-Steil
Antoni,F (2152) Puerto Madryn 2009}) 14... Qxd4 15. e5 $1 dxe5 16. Bxe5 Qb4 (
16... Qd8 17. Rad1 Bd7 18. Qg3 $16) 17. Bxf6 gxf6 18. Re4 Qb5 19. Bc4 (19. Rae1
Be6 20. Bxe6 fxe6 21. Qg4+ Qg5 22. Qxe6+ $16) 19... Qf5 20. Qe3 b5 21. Rxe7
Rxe7 22. Qxe7 bxc4 23. Qe8+ Kg7 24. Ra3 $18 {1-0 (26) Sekulic,V (2315)-Mrsevic,
M (2333) Jahorina 2000}) (13... Ncd7 14. Be3 (14. Nf5 $16) 14... Ne5 (14...
Qxb2 15. Bf4 Qb6 16. Nf5 Ne5 $15) 15. Qd1 Qc7 16. f4 Ng6 17. Qd3 Bf8 18. Rad1
Bd7 19. Qc4 Be6 20. Nxe6 Rxe6 21. e5 $16 {1-0 (40) Kislinsky,A (2452)-Ianov,V 
(2361) Kiev 2010}) (13... Qb4 14. e5 Qxd4 15. exd6 Ne6 16. Be5 Qb4 17. dxe7 $16
) 14. Nxe6 Bxe6 {Even worse would be to enter the skirmish with passive bishop
on c8 in comparision to the dangerous one on a2.} (14... fxe6 $6 15. e5 $1 dxe5
16. Bxe5 Rf8 17. Rad1 $16) 15. Bxe6 fxe6 16. e5 $1 {Despite his best efforts
Black still is not properly prepared for the opening of the centre.} dxe5 (
16... Nd5 17. exd6 Bf6 18. Rab1 $16) 17. Bxe5 Nd7 18. Bg3 Qxb2 {Jobava is
biting the bullet, since otherwise he would not be able to compensate for the
weakness of the e6-pawn.} (18... Rf8 19. Qe2 Nc5 20. Ne4 $16) 19. Rab1 $1 (19.
Ne4 b5 20. Qd3 Ne5 21. Qe2 $14) 19... Qxc2 20. Rxb7 Nc5 {The task of finding a
move which promises some chances is daunting. Most of the continuations are
too timid to properly qualify.} (20... Rad8 21. Rxe6 Bf6 22. Rxe8+ Rxe8 23.
Qxc6 Qxc3 24. Qxd7 $16) (20... Nf6 21. Rxe6 Bf8 22. Rxc6 Qc1+ (22... Ne4 23.
Rcc7 $18) 23. Kh2 Re1 24. Bf4 $18) (20... Nf8 21. Ne4 Ng6 22. h4 $18) 21. Rxe7
$1 {[%mdl 64]} Rxe7 22. Qxc6 Nb7 (22... Qxc3 23. Qxa8+ Kf7 24. Re3 Qc1+ 25. Kh2
Nd7 26. Bd6 Re8 27. Qxa5 $18) (22... Ree8 23. Qxc5 Rac8 24. Bc7 $18) 23. Nd5 $1
{The key move in White's combination as the geometry is clearly working
against the defender.} exd5 (23... Qxc6 24. Nxe7+ Kf7 25. Nxc6 $18) 24. Qxc2
Rxe1+ 25. Kh2 Kh8 $2 {The silent scream of pain from the black pieces! The
defender finds it hard to bring any semblance of coordination to his forces.} (
25... Re7 26. Qb3 Rd7 27. Qb5 Rf7 (27... Rad8 28. Bh4 $18) 28. Qxd5 $16) 26.
Qc7 $1 Nd8 (26... Rb1 27. Be5 Rg8 28. f4 Nd8 29. Bxg7+ Rxg7 30. Qxd8+ Rg8 31.
Qxd5 $18) 27. Be5 Nf7 28. Bc3 Rc1 29. Qb7 {White was still looking for a more
efficient way to win the game than the immediate combination with a strike
against the g7-square.} (29. Bxg7+ $5 Kxg7 30. Qxc1 d4 31. Qc5 Rd8 32. Qxa5 d3
33. Qd2 $18) 29... Rf8 (29... Rd8 30. Bxa5 (30. Bxg7+ Kxg7 31. Qb2+ d4 32. Qxc1
d3 33. Qd2 Rd5 34. f4 $18) 30... Rf8 31. Bb4 $18) 30. Qb2 $1 {At the board it
would have been very courageous to decide for the line with Black's supported
passed d-pawn that has no counterpart on the a-file.} (30. Bxg7+ Kxg7 31. Qb2+
d4 32. Qxc1 Rd8 33. Qd2 d3 34. f4 $18) 30... Rxc3 31. Qxc3 Rd8 (31... Ra8 32.
Qc6 Rd8 33. Qc7 Kg8 34. Qxa5 d4 35. Qd2 d3 36. f4 $18) 32. Qxa5 d4 33. f4 d3
34. Qd2 Nh6 {Jobava simply has to find some counterplay, otherwise White wins
without any effort.} (34... Rd6 35. a5 g6 36. Kg1 Kg7 37. Kf2 $18) 35. a5 {
Kravtsiv has correctly felt, that he will be able to win with the help of the
mighty a-pawn. On the other hand the restricting move 35.g4 could have made
the win even easier.} (35. g4 $18) 35... Nf5 36. a6 Ne3 37. Qa5 $1 (37. Qxe3 $2
d2 38. a7 d1=Q $19) 37... Ra8 (37... Rd5 38. Qb6 Nf1+ 39. Kg1 h6 40. Qb8+ Kh7
41. Kxf1 d2 42. Qb1+ Kg8 43. Ke2 $18) 38. Kg1 h6 {Black was in need of a move
to stop the mates on the 8th rank, but he does not have a proper one at his
disposal.} (38... d2 39. Qxd2 Rxa6 40. Qd8#) (38... g6 $2 39. Qe5+ $18) 39. Qc3
$1 Rd8 (39... Rxa6 40. Qc8+ Kh7 41. Qxa6 d2 42. Qd3+ $18) (39... Nd5 40. Qxd3
Nb4 41. Qe4 $18) 40. a7 Nf5 {An act of clear desperation as the d-pawn is not
able to advance. No wonder that White is winning effortlessly now.} (40... d2
41. Qxd2 Rxd2 42. a8=Q+ Kh7 43. Qe4+ $18) 41. Qc7 (41. Qc7 Re8 42. Qd7 Re1+ 43.
Kf2 Re2+ 44. Kf3 Nh4+ 45. Kg3 Rxg2+ 46. Kxh4 $18) 1-0